| 000 | 00401nam a22001577a 4500 | ||
|---|---|---|---|
| 005 | 20231011193701.0 | ||
| 008 | 231011b |||||||| |||| 00| 0 eng d | ||
| 082 |
_a612 _bAUL-P |
||
| 100 | _aAulton,Michael E. | ||
| 245 |
_aPharmaceutics _bthe Designed and Manufacture of medicine |
||
| 250 | _a3rd.ed. | ||
| 300 | _a717 | ||
| 500 | _aInclude Index | ||
| 650 | _aMedical | ||
| 700 | _aMichael E.Aulton | ||
| 999 |
_c33868 _d33868 |
||